[Event "Titled Tuesday intern op 20th July"]
[Site "Chess.com INT"]
[Date "2021.07.20"]
[Round "2"]
[White "Zakhartsov, Vladimir"]
[Black "Primbetov, Kazbek"]
[Result "1-0"]
[WhiteElo "2499"]
[BlackElo "2207"]
[PlyCount "39"]
[EventDate "2021.07.20"]
[EventType "swiss (blitz)"]
[EventRounds "11"]
[EventCountry "USA"]
[SourceTitle "CBM 203 Extra"]
[Source "ChessBase"]
[SourceDate "2021.09.30"]
[SourceVersion "1"]
[SourceVersionDate "2021.09.30"]
[SourceQuality "1"]

1. d4 Nf6 2. c4 g6 3. Nc3 Bg7 4. e4 d6 5. h3 0-0 6. Be3 e5 7. d5 a5 8. g4 Na6 9. Nge2 c6 10. Ng3 cxd5 11. cxd5 Nc5 12. Be2 a4 13. g5 Nfd7 14. Qd2 Qa5 15. Nb5 Qb6 16. Rc1 f5 17. gxf6 Nxf6 18. Nxd6 Nfd7 19. Nb5 Ra5 20. Qb4 1-0

[Event "Titled Tuesday intern op 13th July"]
[Site "Chess.com INT"]
[Date "2021.07.13"]
[Round "3"]
[White "Doluhanova, Evgeniya"]
[Black "Primbetov, Kazbek"]
[Result "1-0"]
[WhiteElo "2179"]
[BlackElo "2207"]
[PlyCount "105"]
[EventDate "2021.07.13"]
[EventType "swiss (blitz)"]
[EventRounds "11"]
[EventCountry "USA"]
[SourceTitle "CBM 203 Extra"]
[Source "ChessBase"]
[SourceDate "2021.09.30"]
[SourceVersion "1"]
[SourceVersionDate "2021.09.30"]
[SourceQuality "1"]

1. e4 e6 2. d4 d5 3. Bd3 Nf6 4. e5 Nfd7 5. Nf3 b6 6. 0-0 Ba6 7. b3 Bxd3 8. Qxd3 Be7 9. c4 c6 10. cxd5 cxd5 11. Ba3 0-0 12. Rc1 Bxa3 13. Nxa3 a6 14. Rc2 b5 15. Rac1 Ra7 16. h4 h6 17. g3 Nb6 18. Qd2 Qe7 19. Qa5 N8d7 20. Nxb5 Raa8 21. Nd6 f6 22. Ne1 fxe5 23. dxe5 Ra7 24. f4 g5 25. hxg5 hxg5 26. Nd3 Qh7 27. Qc3 Qh3 28. Rg2 d4 29. Qxd4 Nd5 30. Qxa7 N7b6 31. Rc7 Nxc7 32. Qxc7 Nd5 33. Qd7 Ne3 34. Ne1 Nxg2 35. Nxg2 Qxg3 36. Qxe6+ Kh8 37. Qh6+ Kg8 38. Qg6+ Kh8 39. Nf7+ Rxf7 40. Qxf7 gxf4 41. Qxf4 Qc3 42. Qf6+ Kg8 43. Qg6+ Kf8 44. e6 Qc1+ 45. Kh2 Qc7+ 46. Qg3 Qh7+ 47. Qh4 Qc7+ 48. Qf4+ Qxf4+ 49. Nxf4 Ke7 50. Kg3 Kd6 51. Kg4 Ke7 52. Kg5 Kd6 53. Kf5 1-0

[Event "Leon Blitz op 34th"]
[Site "Chess.com INT"]
[Date "2021.07.07"]
[Round "10"]
[White "Primbetov, Kazbek"]
[Black "Mogirzan, Matei Valeriu"]
[Result "1-0"]
[WhiteElo "2207"]
[BlackElo "1813"]
[PlyCount "41"]
[EventDate "2021.07.07"]
[EventType "swiss (blitz)"]
[EventRounds "14"]
[EventCountry "ESP"]
[SourceTitle "CBM 203 Extra"]
[Source "ChessBase"]
[SourceDate "2021.09.30"]
[SourceVersion "1"]
[SourceVersionDate "2021.09.30"]
[SourceQuality "1"]

1. f4 e5 2. fxe5 d6 3. exd6 Bxd6 4. Nf3 g5 5. g3 g4 6. Nh4 Nc6 7. Bg2 Nge7 8. 0-0 Ng6 9. Nf5 Bc5+ 10. e3 Qg5 11. d4 Bb6 12. e4 Qf6 13. c3 h5 14. Bh6 Bxf5 15. Rxf5 Qd6 16. Bg7 Rh7 17. Bf6 h4 18. e5 Nxd4 19. exd6 Nf3+ 20. Kf1 Nxh2+ 21. Ke1 1-0